000 00991 a2200313 4500
001 200128959
003 TR-AnTOB
005 20260120143638.0
007 ta
008 130411b tu 000 0
040 _aTR-AnTOB
_beng
_erda
_cTR-AnTOB
041 1 _atur
_heng
050 1 4 _aD21
_b.R5319 1983
090 _aD21
_b.R5319 1983
100 1 _aRibard, Andre,
_d1897-1963
_987880
_eauthor
245 1 0 _aİnsanlığın tarihi /
_cAndre Ribard ; çevirenler: Erdoğan Başar , Şiar Yalçın, Halil Berktay.
264 1 _aistanbul :
_bSay Kitap Pazarlama,
_c1983.
300 _a348 pages ;
_c24 cm
336 _atext
_btxt
_2rdacontent
337 _aunmediated
_bn
_2rdamedia
338 _avolume
_bnc
_2rdacarrier
650 _aDünya tarihi
_96469
650 _aWorld history
_92775
700 1 _aYalçın, Şiar,
_d1924-2010
_943872
_etranslator
700 1 _aBaşar, Erdoğan
_987881
_etranslator
700 _aBerktay, Halil,
_d1947-
_987882
942 _cBK
_2lcc
999 _c200128959
_d32177